| 000 | 01190nam0a2200349 i 4500 | ||
|---|---|---|---|
| 001 | RU\NLR\BIBL_A\010308173 | ||
| 005 | 20240725030804.0 | ||
| 010 |
_a9785389067967 _98000 |
||
| 021 |
_aRU _b2014-11266 _9722 |
||
| 035 | _a(NILC)RuMoRGB-006749902 | ||
| 035 | _a(NLR Aleph) 010308173 | ||
| 090 |
_a10627118 _c10627118 |
||
| 100 | _a20140421d2014 um y0rusy50 ca | ||
| 101 | 1 |
_arus _ceng |
|
| 102 | _aRU | ||
| 105 | _ay|||z||||00yy | ||
| 200 | 1 |
_aЖизнь после жизни _eроман _fКейт Аткинсон _g[пер. с англ. Елены Петровой] |
|
| 210 |
_aСанкт-Петербург _cАзбука _cАзбука-Аттикус _d2014 |
||
| 215 |
_a541, [1] с. _d21 |
||
| 225 | 1 | _aАзбука бестселлер | |
| 320 | _aДр. кн. авт. на 2-й с. | ||
| 675 | _a821.111-31 | ||
| 686 | 1 | _aШ6(4Вл)67-440.4{Лх1299-50} | |
| 700 | 1 |
_aАткинсон _bК. _f1951- _gКейт |
|
| 801 | 0 |
_aRU _bRuMoRKP _c20140227 _gRCR |
|
| 801 | 2 |
_aRU _bРГБ _c20140314 _grcr |
|
| 801 | 1 |
_aRU _bRuMoRKP _c20140227 _2rusmarc |
|
| 942 | _cBOOK | ||
| 980 | _aNBR | ||